000 00849nam0a22002651 4500
001 rc\3392966
005 20130115154430.2
021 _aRU
_b74-11253
021 _aRU
_bРг2725-74
035 _a(NLR Aleph) 007459019
090 _a7297065
_c7297065
100 _a20130115d1973 |||y0rusy50 ca
101 0 _arus
102 _aRU
105 _aa z |||||
200 1 _aРасчет на прочность основных элементов паровых котлов
_eУчеб. пособие
_fЛенингр. высш. воен.-морское инж. училище
210 _aЛенинград
_cБ. и.
_d1973
215 _a39 с.
_cил.
_d20
320 _aБиблиогр.: с. 38
700 1 _aАрва
_bО. В.
801 0 _aRU
_bNLR
_gpsbo
801 1 _aRU
_bELAR
_2rusmarc
852 _aNLR
_j73-4/45640
942 _cBOOK
980 _aNB